00323nam a2200133Ia 4500008004100000020001800041041000800059082001500067100001800082245003100100250001200131260002400143650002200167231120s2016 xx 000 0 und d a9780340972533 aeng a614.1bSAU aSaukko Pekka. aKnights Forensic Pathology a4th ed. bCRC Press2016c2016 aForensic Medicine